Lectures on partial differential equations
Gorde:
| Egile nagusia: | |
|---|---|
| Formatua: | Liburua |
| Hizkuntza: | ingelesa |
| Argitaratua: |
Berlín
Springer-Verlag
1983
|
| Gaiak: | |
| Etiketak: |
Etiketa erantsi
Etiketarik gabe, Izan zaitez lehena erregistro honi etiketa jartzen!
|
MARC
| LEADER | 00000nam a2200000 a 4500 | ||
|---|---|---|---|
| 001 | UCP0802 | ||
| 003 | CL-VaPUC | ||
| 008 | 990319e19830000GW |||||||||||||||||eng|d | ||
| 082 | 0 | 4 | |a 515.353 |b FOL |2 21 |
| 100 | 0 | |a Folland, G. B |e author |9 426360 | |
| 245 | 1 | 0 | |a Lectures on partial differential equations |
| 300 | |a 160 p | ||
| 942 | |c BK | ||
| 945 | |d 19990319 00:00:00 |a crobeson | ||
| 260 | |a Berlín |b Springer-Verlag |c 1983 | ||
| 650 | 0 | |a Ecuaciones diferenciales parciales |9 269889 | |
| 650 | 0 | |a Transformada de Laplace |9 422308 | |
| 650 | 0 | |a Operadores diferenciales |9 426361 | |
| 650 | 7 | |a ESPACIOS DE SOBOLEV |2 CL-VaPUC |9 426362 | |
| 583 | |a last modification |c 19990319 00:00:00 |k Rodrigo Vera | ||
| 999 | |c 279547 |d 279545 | ||
| 952 | |0 0 |1 0 |4 0 |6 515_353000000000000_FOL_1983 |7 0 |8 A |9 319111 |a BIBMAT |b BIBMAT |d 2019-11-20 |i 1330594 |l 2 |o 515.353 FOL 1983 |p 1330594 |r 2025-01-07 |s 2022-07-28 |w 2019-11-20 |y BK |k MAT | ||